00555 a2200145 4500001000700000020001800007040003200025100001600057245002900073260001600102300003200118362000900150520022600159650002400385126561 a9788576666318 cEscola Canadense de Niteroi aBen, Hubert10aEu quero aqueles patins! aSão Paulo a29 p.bil.c3 x 19 x 0.3 cm0 a2000 aNicolau sonha com uns patins que viu no hipermercado, mas seus pais insistem em dizer que ele não precisa de novos. O garoto, entretanto, faz de tudo para realizar seu sonho, até que surge uma incrível oportunidade! 4aLiteratura Infantil